| 000 | 00329nam a22001457a 4500 | ||
|---|---|---|---|
| 003 | SGT | ||
| 020 | _a9788131727157 | ||
| 082 |
_a658 _bPIN |
||
| 100 | _aPINTO JEFFREY K | ||
| 245 |
_aPROJECT MANAGEMENT _bACHIEVING COMPETITIVE ADVANTAGE |
||
| 250 | _a4 | ||
| 260 |
_aINDIA _bPEARSON _c2012 |
||
| 300 | _a469 | ||
| 942 |
_2ddc _cBK |
||
| 999 |
_c26748 _d26748 |
||